00654 2200265 4500001002100000005001700021008004100038020001800079035002400097082001000121090001700131100001400148245005700162250001100219260003200230300002900262650001200291700001200303850001500315980001500330985000600345986001200351999001500363990001000378YOGYA-0209000000344320090227020627.0 ind  a979-518-250-1 0010-020900000003443 a641.2 a641.2bSus M aSUSMAYATI aManisan, minuman, es dan puddingcSusmayati, Asnidar aCet. 1 aJakartabRineka Ciptac1992 aix, 137 hlmbilusc21 cm aMinuman aAsnidar aYOPDYOG[B] a15-02-2006 a1 aBprtrev a00P0005707 a344-P